| 000 | 00457nam a2200181Ia 4500 | ||
|---|---|---|---|
| 001 | 19198 | ||
| 005 | 20260306171726.0 | ||
| 008 | 260306s9999||||xx |||||||||||||| ||und|| | ||
| 041 | _aESP | ||
| 082 |
_a658.8 _bV66I |
||
| 100 |
_aVillaseca Morales, David _eAUT |
||
| 245 | 0 | _aInnovación y marketing de servicios en la era digital | |
| 260 | _c2014 | ||
| 300 |
_a327 pƔginas : _c24 cm. |
||
| 650 | _aGEN | ||
| 654 | _aCAN | ||
| 942 |
_cLIB _dJUS _fJUS _2ddc _n |
||
| 999 |
_c19198 _d19198 |
||